<?xml version='1.0' encoding='UTF-8'?>
  <record xmlns="http://www.loc.gov/MARC21/slim">
    <leader>00000cam a2200000Mi 4500</leader>
    <controlfield tag="001">ocm65989839</controlfield>
    <controlfield tag="003">OCoLC</controlfield>
    <controlfield tag="005">20240127100239.6</controlfield>
    <controlfield tag="008">920820m17671776gw            000 0 ger d</controlfield>
    <datafield tag="040" ind1=" " ind2=" ">
      <subfield code="a">NLGGC</subfield>
      <subfield code="b">dut</subfield>
      <subfield code="e">fobidrtb</subfield>
      <subfield code="c">NLGGC</subfield>
      <subfield code="d">QGJ</subfield>
      <subfield code="d">OCLCL</subfield>
    </datafield>
    <datafield tag="029" ind1="0" ind2=" ">
      <subfield code="a">NLGGC</subfield>
      <subfield code="b">097198552</subfield>
    </datafield>
    <datafield tag="035" ind1=" " ind2=" ">
      <subfield code="a">(OCoLC)65989839</subfield>
    </datafield>
    <datafield tag="100" ind1="1" ind2=" ">
      <subfield code="a">Lippert, Philipp Daniel,</subfield>
      <subfield code="d">1702-1785.</subfield>
      <subfield code="1">https://id.oclc.org/worldcat/entity/E39PBJmp9kjhPMkJRHb4bbK68C</subfield>
    </datafield>
    <datafield tag="245" ind1="1" ind2="0">
      <subfield code="a">Dactyliothec das ist Sammlvng geschnittener Steine der Alten avs denen vornehmsten Mvseis in Evropa zvm Nvtzen der schönen Künste vnd Künstler. In zwey-tavsend Abdrvcken /</subfield>
      <subfield code="c">ediret von Phil.Dan. Lippert.</subfield>
    </datafield>
    <datafield tag="246" ind1="3" ind2=" ">
      <subfield code="a">Dactyliothec das ist Sammlung geschnittener Steine der Alten aus denen vornehmsten Museis in Europa</subfield>
    </datafield>
    <datafield tag="246" ind1="3" ind2=" ">
      <subfield code="a">Dactyliothec</subfield>
    </datafield>
    <datafield tag="260" ind1=" " ind2=" ">
      <subfield code="a">[Leipzig] :</subfield>
      <subfield code="b">[aus der Druckerey Bernhard Christoph Breitkopfs und Sohns],</subfield>
      <subfield code="c">1767-1776.</subfield>
    </datafield>
    <datafield tag="300" ind1=" " ind2=" ">
      <subfield code="a">3 dl. ;</subfield>
      <subfield code="c">in-4.</subfield>
    </datafield>
    <datafield tag="336" ind1=" " ind2=" ">
      <subfield code="a">tekst</subfield>
      <subfield code="b">txt</subfield>
      <subfield code="2">rdacontent/dut</subfield>
    </datafield>
    <datafield tag="337" ind1=" " ind2=" ">
      <subfield code="a">zonder medium</subfield>
      <subfield code="b">n</subfield>
      <subfield code="2">rdamedia/dut</subfield>
    </datafield>
    <datafield tag="338" ind1=" " ind2=" ">
      <subfield code="a">band</subfield>
      <subfield code="b">nc</subfield>
      <subfield code="2">rdacarrier/dut</subfield>
    </datafield>
    <datafield tag="500" ind1=" " ind2=" ">
      <subfield code="a">Colofon dl. 2: Leipzig, aus der Druckerey Bernhard Christoph Breitkops und Sohns, 1767.</subfield>
    </datafield>
    <datafield tag="500" ind1=" " ind2=" ">
      <subfield code="a">Impressum dl. 3: Leipzig bey Siegfried Lebrecht Crusius 1776.</subfield>
    </datafield>
    <datafield tag="505" ind1="0" ind2=" ">
      <subfield code="a">[1]: Erstes mythologisches Tausend -- [2]: Zweites historisches Tausend -- [3]: Supplement zu Philipp Daniel Lipperts Dactyliothec. (Leipzig: Siegfried Lebrecht Crusius, 1776)</subfield>
    </datafield>
    <datafield tag="700" ind1="1" ind2=" ">
      <subfield code="a">Bernigeroth, Johann Martin,</subfield>
      <subfield code="d">-1767.</subfield>
      <subfield code="4">egr</subfield>
      <subfield code="1">https://id.oclc.org/worldcat/entity/E39PCjH4rPr3J39gbP9jTVr9CP</subfield>
    </datafield>
    <datafield tag="700" ind1="1" ind2=" ">
      <subfield code="a">Hubner, Bartholomäus.</subfield>
      <subfield code="4">egr</subfield>
    </datafield>
    <datafield tag="700" ind1="1" ind2=" ">
      <subfield code="a">Stock, J. H.</subfield>
      <subfield code="4">egr</subfield>
    </datafield>
    <datafield tag="710" ind1="0" ind2=" ">
      <subfield code="a">Breitkopf, Bernhard Christoph (Leipzig)</subfield>
      <subfield code="4">prt</subfield>
      <subfield code="0">(NL-LeOCL)077152794</subfield>
    </datafield>
    <datafield tag="710" ind1="0" ind2=" ">
      <subfield code="a">Breitkopf, Johann Gottlob Immanuel (Leipzig)</subfield>
      <subfield code="4">prt</subfield>
      <subfield code="0">(NL-LeOCL)077157222</subfield>
    </datafield>
    <datafield tag="710" ind1="0" ind2=" ">
      <subfield code="a">Crusius, Siegfried Leberecht (Leipzig)</subfield>
      <subfield code="4">prt</subfield>
      <subfield code="0">(NL-LeOCL)077159683</subfield>
    </datafield>
    <datafield tag="758" ind1=" " ind2=" ">
      <subfield code="a">Dactyliothec: Das Ist Sammlvng Geschnittener Steine Der Alten Avs Denen Vornehmsten Mvseis In Evropa, Zvm Nvtzen Der Schönen Kv́nste Vnd Kv́nstler In Zwey Tavsend Abdrv́cken (Text)</subfield>
      <subfield code="1">https://id.oclc.org/worldcat/entity/E39PCGTR9FrwWpg8RRfmhX6VG3</subfield>
      <subfield code="4">https://id.oclc.org/worldcat/ontology/hasWork</subfield>
    </datafield>
  </record>